| 000 | 01698pam a2200229 a 4500 | ||
|---|---|---|---|
| 999 |
_c1873 _d1873 |
||
| 020 | _a0761910913 (cloth : acidfree paper) | ||
| 020 | _a0761910921 (pbk. : acidfree paper) | ||
| 020 | _a9780761910923 | ||
| 050 | 0 | 0 |
_aRJ102 _b.E54 |
| 245 | 0 | 0 |
_aEnhancing children's wellness / _ceditors, Roger P. Weissberg ... [et al.]. |
| 260 |
_aThousand Oaks, Calif. : _bSage Publications, _cc1997. |
||
| 300 |
_axiv, 318 p. : _bill. ; _c23 cm. |
||
| 500 | _aInclude index. | ||
| 505 | _aForeword - Seymour SarasonIntroduction and Overview - Roger P Weissberg and Carol Bartels Kuster Let's Make `Healthy Children 2010' a National Priority!The Prevalence of Problem Behaviors - Joy G Dryfoos Implications for ProgramsSchool-Based Drug Abuse Prevention Strategies - Linda Dusenbury and Mathea Falco From Research to Policy and PracticePreventing High Risk Sexual Behavior, Sexually Transmitted Diseases, and Pregnancy among Adolescents - Lynda M Sagrestano and Roberta L PaikoffViolence Prevention for the 21st Century - Mary E Murray, Nancy G Guerra and Kirk R WilliamsPrevention of Depression - Bruce E Compas, Jennifer Connor and Martha WadsworthPrevention of Youth Suicide - John KalafatPromoting Healthy Dietary Behaviors - Cheryl L Perry, Mary Story and Leslie A LytlePrevention and Control of Injuries - Barbara S Tuchfarber, Joseph E Zins and Leonard A JasonAcademic Performance and School Success - J David Hawkins Sources and Consequences | ||
| 650 | 0 | _aHealth promotion | |
| 650 | 0 | _aHealth behavior in children | |
| 650 | 0 | _aHealth behavior in adolescence | |
| 650 | 0 | _aHealth education (Elementary) | |
| 650 | 0 | _aHealth education (Secondary) | |
| 700 | 1 | _aWeissberg, Roger P., | |
| 942 | _cBK | ||